|
|
|
|
| LEADER |
01177aam a2200349 a 4500 |
| 001 |
000922731 |
| 003 |
AR-BeUNQ |
| 005 |
20260305155947.0 |
| 007 |
ta |
| 008 |
260305s1971 ag o gr 001 0 spa d |
| 999 |
|
|
|c 40145
|d 123945
|
| 015 |
|
|
|a AR-1971
|
| 040 |
|
|
|a AR-BaBN
|b spa
|c AR-BaBN
|e aacr
|d AR-BeUNQ
|
| 043 |
|
|
|a s-ag---
|
| 044 |
|
|
|a ag
|c ar-c
|
| 080 |
1 |
|
|a 316.343(821.1)
|2 2016
|
| 082 |
|
|
|a 305.5
|2 21
|
| 100 |
1 |
|
|a Ratier, Hugo,
|d 1934-2021
|e aut.
|4 auth
|
| 245 |
1 |
3 |
|a El cabecita negra /
|c Hugo Ratier.
|
| 250 |
|
|
|a 1a ed.
|
| 260 |
|
|
|a Buenos Aires :
|b Centro Editor de América Latina,
|c 1971.
|
| 300 |
|
|
|a 99 p. :
|b fotografía ;
|c 18 cm.
|
| 490 |
1 |
|
|a La Historia Popular
|v 72
|
| 592 |
|
|
|a Exposición colectiva "Hilando sueños" de Graciela Ciampini, Marina Penhos, Alicia Valdivia y estudiantes de PUNQAM.
|
| 650 |
|
7 |
|a Clases trabajadoras
|2 spines
|
| 650 |
|
7 |
|a Discriminación cultural
|2 spines
|
| 650 |
|
7 |
|a Racismo
|2 spines
|
| 650 |
|
7 |
|a Integración social
|2 spines
|
| 651 |
|
7 |
|a Argentina
|2 spines
|
| 830 |
|
3 |
|a La Historia Popular (Centro Editor de América Latina)
|v 72
|
| 929 |
|
|
|a DONACION
|b Marina Penhos
|d 0
|e 20251127
|g 3829
|h 1
|j 63864
|
| 942 |
|
|
|c LIB
|n 0
|